Život v Sládkovičove informačno-inzertný spravodajca občanov
| Format: | Journal |
|---|---|
| Language: | Slovak Hungarian |
| PhysicalDescription: | zv. 30 cm |
| Published: |
Sládkovičovo
Mestské zastupiteľstvo
[1992]-
Sládkovičovo Mesto Sládkovičovo |
| ISSN: | 1339-9330 |
| Subjects: | |
| Online Access: | http://www.sladkovicovo.sk/ |
MARC
| LEADER | 00000cas a2200000 a 4500 | ||
|---|---|---|---|
| 001 | vtls008703652 | ||
| 003 | SK-MaSNL | ||
| 005 | 20260327105939.0 | ||
| 008 | 160531c19929999xo br p 0 b0slo | ||
| 022 | |a 1339-9330 |y 1339-9349 | ||
| 040 | |a SNK |b slo |c SNK |e AACR2 | ||
| 041 | |a slo |a hun | ||
| 043 | |a e-xo--- | ||
| 044 | |a xo |c SK | ||
| 072 | 7 | |a 352/354 |x Stupne miestnej, oblastnej a ústrednej správy |2 konspekt | |
| 072 | 7 | |a 394 |x Verejný a spoločenský život. Každodenný život |2 konspekt | |
| 080 | |a 353.9 |2 2011 | ||
| 080 | |a 316.728 |2 2011 | ||
| 080 | |a 050 |2 2011 | ||
| 080 | |a (437.612) |2 2011 | ||
| 080 | |a (051)+(054)(437.6) |2 2011 | ||
| 080 | |a 394 |2 2011 | ||
| 210 | 0 | |a Živ. Sládkovičove | |
| 222 | 0 | |a Život v Sládkovičove | |
| 245 | 0 | 0 | |a Život v Sládkovičove |b informačno-inzertný spravodajca občanov |
| 246 | 1 | 3 | |a Élet Diószegen |b a polgárok tájékoztatási magazinja |f 5/2003-6/2009 |
| 246 | 1 | 3 | |a Diószegen Élet |b tájékoztató lap |f 2/2016- |
| 260 | |a Sládkovičovo |b Mestské zastupiteľstvo |c [1992]- | ||
| 260 | 3 | |3 3/2003- |a Sládkovičovo |b Mesto Sládkovičovo | |
| 300 | |a zv. |c 30 cm | ||
| 310 | |a 6x ročne |b 2001- | ||
| 321 | |a 10x ročne |b [1992]-2000 | ||
| 362 | 0 | |a [1992]- | |
| 500 | |a Popis podľa: Roč. II, č. 1 (1993) | ||
| 500 | |a Od č. 5/2003-6/2009 vychádza Život v Sládkovičove spolu s titulom Élet Diószegen ako zvratmo tlačený text ; od č. 2/2016 vychádza spolu s titulom Diószegen Élet ako zvratmo tlačený text | ||
| 500 | |a Vznikol spojením samostatných čas. Život v Sládkovičove a Élet Diószegen. Od r. 2010 vychádza znova samostatne Život v Sládkovičove a Diószegi élet | ||
| 500 | |a Chybné ISSN na dokumente patrí podľa národnej agentúry ISSN titulu Diószegi élet | ||
| 500 | |a Evidenčné číslo: EV 3995/10 | ||
| 500 | |a Podnázov od č. 4/2005- : informačný spravodaj | ||
| 500 | |a Šéfredaktori sa menia | ||
| 515 | |a Č. 4-6/2018, r. 2019-2021 majú chybne uvedený ročník | ||
| 546 | |a Text aj v maď. | ||
| 650 | 0 | 7 | |a územná samospráva |2 SNKPH |9 802 |
| 650 | 0 | 7 | |a každodenný život |2 SNKPH |9 4946 |
| 651 | 7 | |a Sládkovičovo (Slovensko) |2 SNKPHgeo |9 73212 | |
| 655 | 7 | |a regionálne periodiká |2 SNKPH |9 131775 | |
| 775 | 0 | |t Élet Sládkovičovón |x 1339-9349 |e hun |w vtls010345068 | |
| 856 | |u http://www.sladkovicovo.sk/ | ||
| 910 | |a snk | ||
| 999 | |c 776 |d 776 | ||
| 952 | |t č. 1-6 |a SNK |b SNK |y PREZ |7 0 |p 17A1464023 |o snkČSB 4396/24/2016/1 |i snk2022/14438 |8 0 |z -od č. 2 vychádza spolu s titulom Diószegi élet ako zvratmo tlačený text ; -1. časť = Život v Sládkovičove ; |0 0 |1 0 |4 0 |d 2022-09-21 |l 0 |r 2026-02-21 20:09:31 |w 2026-02-21 | ||
| 952 | |t č. 2-6 |a SNK |b SNK |y PREZ |7 0 |p 17A1464025 |o snkČSB 4396/24/2016/2 |i snk2022/14443 |8 0 |z -od č. 2 vychádza spolu s titulom Život v Sládkovičove ; -2. časť = Diószegi élet |0 0 |1 0 |4 0 |d 2022-09-21 |l 0 |r 2026-02-21 20:09:31 |w 2026-02-21 | ||
| 952 | |t č. 1-6 |a SNK |b SNK |y PREZ |7 0 |p 17A1464026 |o snkČSB 4396/25/2017/1 |i snk2022/14444 |8 0 |z 1. časť = Život v Sládkovičove ; |0 0 |1 0 |4 0 |d 2022-09-21 |l 0 |r 2026-02-21 20:09:31 |w 2026-02-21 | ||
| 952 | |t č. 1-6 |a SNK |b SNK |y PREZ |7 0 |p 17A1464027 |o snkČSB 4396/25/2017/2 |i snk2022/14446 |8 0 |z 2. časť = Diószegi élet |0 0 |1 0 |4 0 |d 2022-09-21 |l 0 |r 2026-02-21 20:09:31 |w 2026-02-21 | ||
| 952 | |t č. 1-6 |a SNK |b SNK |y PREZ |7 0 |p 17A1464028 |o snkČSB 4396/26/2018/1 |i snk2022/14449 |8 0 |z 1. časť = Život v Sládkovičove ; |0 0 |1 0 |4 0 |d 2022-09-21 |l 0 |r 2026-02-21 20:09:36 |w 2026-02-21 | ||
| 952 | |t č. 1-6 |a SNK |b SNK |y PREZ |7 0 |p 17A1464029 |o snkČSB 4396/26/2018/2 |i snk2022/14450 |8 0 |z 2. časť = Diószegi élet |0 0 |1 0 |4 0 |d 2022-09-21 |l 0 |r 2026-02-21 20:09:36 |w 2026-02-21 | ||
| 952 | |t č. 1-6 |a SNK |b SNK |y PREZ |7 0 |p 17A1464024 |o snkČSB 4396/26[27]/2019/1 |i snk2022/14451 |8 0 |z 1. časť = Život v Sládkovičove ; |0 0 |1 0 |4 0 |d 2022-09-21 |l 0 |r 2026-02-21 20:09:36 |w 2026-02-21 | ||
| 952 | |t č. 1-6 |a SNK |b SNK |y PREZ |7 0 |p 17A1464030 |o snkČSB 4396/26[27]/2019/2 |i snk2022/14452 |8 0 |z 2. časť = Diószegi élet |0 0 |1 0 |4 0 |d 2022-09-21 |l 0 |r 2026-02-21 20:09:36 |w 2026-02-21 | ||
| 952 | |t č. 1-5 |a SNK |b SNK |y PREZ |7 0 |p 17A1464031 |o snkČSB 4396/27[28]/2020/1 |i snk2022/14453 |8 0 |z 1. časť = Život v Sládkovičove |0 0 |1 0 |4 0 |d 2022-09-21 |l 0 |r 2026-02-21 20:09:36 |w 2026-02-21 | ||
| 952 | |t č. 1-5 |a SNK |b SNK |y PREZ |7 0 |p 17A1464032 |o snkČSB 4396/27[28]/2020/2 |i snk2022/14454 |8 0 |z 2. časť = Diószegi élet |0 0 |1 0 |4 0 |d 2022-09-21 |l 0 |r 2026-02-21 20:10:32 |w 2026-02-21 | ||
| 952 | |t č. 1-5 |a SNK |b SNK |y PREZ |7 0 |p 17A1464033 |o snkČSB 4396/28[29]/2021/1 |i snk2022/14455 |8 0 |z 1. časť = Život v Sládkovičove ; |0 0 |1 0 |4 0 |d 2022-09-21 |l 0 |r 2026-02-21 20:10:32 |w 2026-02-21 | ||
| 952 | |t č. 1-5 |a SNK |b SNK |y PREZ |7 0 |p 17A1464034 |o snkČSB 4396/28[29]/2021/2 |i snk2022/14457 |8 0 |z 2. časť = Diószegi élet |0 0 |1 0 |4 0 |d 2022-09-21 |l 0 |r 2026-02-21 20:10:32 |w 2026-02-21 | ||
| 952 | |t č. 1-5,+príl. |a SNK |b SNK |y PREZ |7 0 |p 17A1099922 |o snkČSB 4396/10/2001 |i snk2016/13581 |8 0 |0 0 |1 0 |4 0 |d 2016-05-25 |l 0 |r 2026-02-21 22:23:45 |w 2026-02-21 | ||
| 952 | |t č. 1-5,+príl. |a SNK |b SNK |y PREZ |7 0 |p 17A1099921 |o snkČSB 4396/11/2002 |i snk2016/13588 |8 0 |0 0 |1 0 |4 0 |d 2016-05-25 |l 0 |r 2026-02-21 22:23:45 |w 2026-02-21 | ||
| 952 | |t č. 1-6 |a SNK |b SNK |y PREZ |7 0 |p 17A1099915 |o snkČSB 4396/11/2003/1 |i snk2016/13591 |8 0 |z časť 1 = titul Život v Sládkovičove ; |0 0 |1 0 |4 0 |d 2016-05-25 |l 0 |r 2026-02-21 22:23:45 |w 2026-02-21 | ||
| 952 | |t č. 5-6 |a SNK |b SNK |y PREZ |7 0 |p 17A1099916 |o snkČSB 4396/11/2003/2 |i snk2016/13598 |8 0 |z časť 2 = titul Élet Diószegen |0 0 |1 0 |4 0 |d 2016-05-25 |l 0 |r 2026-02-21 22:23:45 |w 2026-02-21 | ||
| 952 | |t č. 1-6 |a SNK |b SNK |y PREZ |7 0 |p 17A1099920 |o snkČSB 4396/12/2004/1 |i snk2016/13644 |8 0 |0 0 |1 0 |4 0 |d 2016-05-26 |l 0 |r 2026-02-21 22:23:45 |w 2026-02-21 | ||
| 952 | |t č. 1-6 |a SNK |b SNK |y PREZ |7 0 |p 17A1099933 |o snkČSB 4396/12/2004/2 |i snk2016/13645 |8 0 |0 0 |1 0 |4 0 |d 2016-05-26 |l 0 |r 2026-02-21 22:23:45 |w 2026-02-21 | ||
| 952 | |t č. 1-6 |a SNK |b SNK |y PREZ |7 0 |p 17A1099932 |o snkČSB 4396/13/2005/1 |i snk2016/13646 |8 0 |0 0 |1 0 |4 0 |d 2016-05-26 |l 0 |r 2026-02-21 22:23:45 |w 2026-02-21 | ||
| 952 | |t č. 1-6 |a SNK |b SNK |y PREZ |7 0 |p 17A1099930 |o snkČSB 4396/13/2005/2 |i snk2016/13647 |8 0 |0 0 |1 0 |4 0 |d 2016-05-26 |l 0 |r 2026-02-21 22:23:45 |w 2026-02-21 | ||
| 952 | |t č. 1-6 |a SNK |b SNK |y PREZ |7 0 |p 17A1099931 |o snkČSB 4396/14/2006/1 |i snk2016/13648 |8 0 |0 0 |1 0 |4 0 |d 2016-05-26 |l 0 |r 2026-02-21 22:23:45 |w 2026-02-21 | ||
| 952 | |t č. 1-6 |a SNK |b SNK |y PREZ |7 0 |p 17A1099929 |o snkČSB 4396/14/2006/2 |i snk2016/13649 |8 0 |0 0 |1 0 |4 0 |d 2016-05-26 |l 0 |r 2026-02-21 22:23:46 |w 2026-02-21 | ||
| 952 | |t č. 1-6,+mim.č. |a SNK |b SNK |y PREZ |7 0 |p 17A1099923 |o snkČSB 4396/15/2007/1 |i snk2016/13651 |8 0 |0 0 |1 0 |4 0 |d 2016-05-26 |l 0 |r 2026-02-21 22:23:46 |w 2026-02-21 | ||
| 952 | |t č. 1-6,+mim.č. |a SNK |b SNK |y NEVYP |7 1 |p 17A1099924 |o snkČSB 4396/15/2007/2 |i snk2016/13652 |8 0 |0 0 |1 0 |4 0 |d 2016-05-26 |l 0 |r 2026-02-21 22:23:46 |w 2026-02-21 | ||
| 952 | |t č. 1-6 |a SNK |b SNK |y PREZ |7 0 |p 17A1099926 |o snkČSB 4396/16/2008/1 |i snk2016/13655 |8 0 |0 0 |1 0 |4 0 |d 2016-05-26 |l 0 |r 2026-02-21 22:23:46 |w 2026-02-21 | ||
| 952 | |t č. 1-6 |a SNK |b SNK |y NEVYP |7 1 |p 17A1099925 |o snkČSB 4396/16/2008/2 |i snk2016/13656 |8 0 |0 0 |1 0 |4 0 |d 2016-05-26 |l 0 |r 2026-02-21 22:23:46 |w 2026-02-21 | ||
| 952 | |t č. 1-6 |a SNK |b SNK |y PREZ |7 0 |p 17A1099927 |o snkČSB 4396/17/2009/1 |i snk2016/13659 |8 0 |0 0 |1 0 |4 0 |d 2016-05-26 |l 0 |r 2026-02-21 22:23:46 |w 2026-02-21 | ||
| 952 | |t č. 1-6 |a SNK |b SNK |y NEVYP |7 1 |p 17A1099928 |o snkČSB 4396/17/2009/2 |i snk2016/13660 |8 0 |0 0 |1 0 |4 0 |d 2016-05-26 |l 0 |r 2026-02-21 22:23:46 |w 2026-02-21 | ||
| 952 | |t č. 1-6 |a SNK |b SNK |y PREZ |7 0 |p 17A1099938 |o snkČSB 4396/18/2010 |i snk2016/13664 |8 0 |0 0 |1 0 |4 0 |d 2016-05-26 |l 0 |r 2026-02-21 22:23:46 |w 2026-02-21 | ||
| 952 | |t č. 1-6 |a SNK |b SNK |y PREZ |7 0 |p 17A1099934 |o snkČSB 4396/19/2011 |i snk2016/13667 |8 0 |0 0 |1 0 |4 0 |d 2016-05-26 |l 0 |r 2026-02-21 22:23:46 |w 2026-02-21 | ||
| 952 | |t č. 1-6 |a SNK |b SNK |y PREZ |7 0 |p 17A1099936 |o snkČSB 4396/20/2012 |i snk2016/13676 |8 0 |0 0 |1 0 |4 0 |d 2016-05-26 |l 0 |r 2026-02-21 22:23:46 |w 2026-02-21 | ||
| 952 | |t č. 1-6 |a SNK |b SNK |y PREZ |7 0 |p 17A1099935 |o snkČSB 4396/21/2013 |i snk2016/13678 |8 0 |0 0 |1 0 |4 0 |d 2016-05-26 |l 0 |r 2026-02-21 22:23:46 |w 2026-02-21 | ||
| 952 | |t č. 1-6 |a SNK |b SNK |y PREZ |7 0 |p 17A1099946 |o snkČSB 4396/22/2014 |i snk2016/13679 |8 0 |0 0 |1 0 |4 0 |d 2016-05-26 |l 0 |r 2026-02-21 22:23:46 |w 2026-02-21 | ||
| 952 | |t č. 1-10 |a SNK |b SNK |y PREZ |7 0 |p 17A0938793 |o snkČSB 4396/2/1993 |i snkČSP 4234/94 |0 0 |1 0 |4 0 |d 2016-05-27 |l 0 |r 2026-02-21 22:23:47 |w 2026-02-21 | ||
| 952 | |t č. 1-10 |a SNK |b SNK |y PREZ |7 0 |p 17A0938792 |o snkČSB 4396/3/1994 |i snkČSP 4052/99 |0 0 |1 0 |4 0 |d 2016-05-27 |l 0 |r 2026-02-21 22:23:47 |w 2026-02-21 | ||
| 952 | |t č. 1-6 |a SNK |b SNK |y PREZ |7 0 |p 17A1099939 |o snkČSB 4396/23/2015 |i snk2016/13680 |8 0 |0 0 |1 0 |4 0 |d 2016-05-26 |l 0 |r 2026-02-21 22:23:48 |w 2026-02-21 | ||
| 952 | |t č. 1-10 |a SNK |b SNK |y PREZ |7 0 |p 17A0938907 |o snkČSB 4396/4/1995 |i snkČSP 4050/99 |0 0 |1 0 |4 0 |d 2016-05-27 |l 0 |r 2026-02-21 22:23:50 |w 2026-02-21 | ||
| 952 | |t č. 1-10 |a SNK |b SNK |y PREZ |7 0 |p 17A0938846 |o snkČSB 4396/5/1996 |i snkČSP 4048/99 |0 0 |1 0 |4 0 |d 2016-05-27 |l 0 |r 2026-02-21 22:23:50 |w 2026-02-21 | ||
| 952 | |t č. 1-7 |a SNK |b SNK |y PREZ |7 0 |p 17A0938906 |o snkČSB 4396/6/1997 |i snkČSP 4046/99 |0 0 |1 0 |4 0 |d 2016-05-27 |l 0 |r 2026-02-21 22:23:50 |w 2026-02-21 | ||
| 952 | |t č. 1-12 |a SNK |b SNK |y PREZ |7 0 |p 17A0938902 |o snkČSB 4396/7/1998 |i snkČSP 2538/2001 |0 0 |1 0 |4 0 |d 2016-05-27 |l 0 |r 2026-02-21 22:23:50 |w 2026-02-21 | ||
| 952 | |t č. 1-10 |a SNK |b SNK |y PREZ |7 0 |p 17A0938896 |o snkČSB 4396/8/1999 |i snkČSP 2540/2001 |0 0 |1 0 |4 0 |d 2016-05-27 |l 0 |r 2026-02-21 22:23:50 |w 2026-02-21 | ||
| 952 | |t č. 1-12 |a SNK |b SNK |y PREZ |7 0 |p 17A0938809 |o snkČSB 4396/9/2000 |i snkČSP 2542/2001 |0 0 |1 0 |4 0 |d 2016-05-27 |l 0 |r 2026-02-21 22:23:50 |w 2026-02-21 | ||


